Aspects of manipulative therapy / (Record no. 3614)

000 -LEADER
fixed length control field 01270nam a22003371 4500
003 - CONTROL NUMBER IDENTIFIER
control field ALUPE UNIVERSITY COLLEGE
005 - DATE AND TIME OF LATEST TRANSACTION
control field 20220127085445.0
008 - FIXED-LENGTH DATA ELEMENTS--GENERAL INFORMATION
fixed length control field 500101s1985 at a b 100 0 eng d
020 ## - INTERNATIONAL STANDARD BOOK NUMBER
International Standard Book Number 0443030367
040 ## - CATALOGING SOURCE
Transcribing agency ALUPE UNIVERSITY COLLEGE
049 ## - LOCAL HOLDINGS (OCLC)
Holding library CU
Local processing data l
Missing elements +
050 #0 - LIBRARY OF CONGRESS CALL NUMBER
Classification number RM724
Item number A87 1985
060 #0 - NATIONAL LIBRARY OF MEDICINE CALL NUMBER
Classification number WB 535 M961a 1979
092 ## - LOCALLY ASSIGNED DEWEY CALL NUMBER (OCLC)
Classification number D0501872996
245 00 - TITLE STATEMENT
Title Aspects of manipulative therapy /
Statement of responsibility, etc. editors, E.F. Glasgow ... [et al.] ; foreword by G.D. Maitland
250 ## - EDITION STATEMENT
Edition statement 2nd ed
260 ## - PUBLICATION, DISTRIBUTION, ETC.
Place of publication, distribution, etc. Melbourne ;
-- New York :
Name of publisher, distributor, etc. Churchill Livingstone,
Date of publication, distribution, etc. 1985
300 ## - PHYSICAL DESCRIPTION
Extent xii, 194 p :
Other physical details ill ;
Dimensions 28 cm
500 ## - GENERAL NOTE
General note "Based on the proceedings of a Multidisciplinary International Conference on Manipulative Therapy, Melbourne, 1979"--T.p. verso
504 ## - BIBLIOGRAPHY, ETC. NOTE
Bibliography, etc. note Includes bibliographies
650 #0 - SUBJECT ADDED ENTRY--TOPICAL TERM
Topical term or geographic name entry element Bones
General subdivision Diseases
-- Diagnosis
-- Congresses
650 #0 - SUBJECT ADDED ENTRY--TOPICAL TERM
Topical term or geographic name entry element Bones
General subdivision Diseases
-- Treatment
-- Congresses
650 #0 - SUBJECT ADDED ENTRY--TOPICAL TERM
Topical term or geographic name entry element Manipulation (Therapeutics)
General subdivision Congresses
650 #0 - SUBJECT ADDED ENTRY--TOPICAL TERM
Topical term or geographic name entry element Manipulation, Orthopedic
General subdivision Congresses
650 #0 - SUBJECT ADDED ENTRY--TOPICAL TERM
Topical term or geographic name entry element Muscular diseases
General subdivision Diagnosis
-- Congresses
650 #0 - SUBJECT ADDED ENTRY--TOPICAL TERM
Topical term or geographic name entry element Muscular diseases
General subdivision Therapy
-- Congresses
700 1# - ADDED ENTRY--PERSONAL NAME
Personal name Glasgow, E. F.
711 2# - ADDED ENTRY--MEETING NAME
Date of meeting or treaty signing (1979 :
942 ## - ADDED ENTRY ELEMENTS (KOHA)
Source of classification or shelving scheme
Koha item type Book
Suppress in OPAC PW
Holdings
Withdrawn status Lost status Source of classification or shelving scheme Damaged status Not for loan Permanent Location Current Location Shelving location Date acquired Source of acquisition Total Checkouts Full call number Barcode Date last seen Price effective from Koha item type Public note
          AU LIBRARY AU LIBRARY Open Shelf 27.01.2022 DONATION FROM MOI UNIVERSITY   RM724 .A87 1985 28004935 27.01.2022 27.01.2022 Book PW

Powered by Koha